Defending feminism in the works of henrik ibsen and nayantara sahgal / / (Record no. 143298)

MARC details
000 -LEADER
fixed length control field 00630nam a22001817a 4500
010 ## - LCCN (DPL NO)
LC control number ENG-119569
020 ## - INTERNATIONAL STANDARD BOOK NUMBER
Terms of availability 450.00
International Standard Book Number 9788189331238
035 ## - SYSTEM CONTROL NUMBER
System control number EN-103101
037 ## - SOURCE OF ACQUISITION
Source of stock number/acquisition DBAD/PUB
082 ## - DEWEY DECIMAL CLASSIFICATION NUMBER
Classification number 305.42
100 ## - MAIN ENTRY--PERSONAL NAME
Personal name Gupta, Rashmi
245 ## - TITLE STATEMENT
Title Defending feminism in the works of henrik ibsen and nayantara sahgal / /
Statement of responsibility, etc by Rashmi Gupta
260 ## - PUBLICATION, DISTRIBUTION, ETC. (IMPRINT)
Place of publication, distribution, etc Chandigarh
Name of publisher, distributor, etc Enkay Enterprises Publisher, Distributor & Exporter
Date of publication, distribution, etc 2017
270 ## - ADDRESS
Address SCO 49-51, Basement, Sector 17C
City Chandigarh
Postal code 160017
300 ## - PHYSICAL DESCRIPTION
Extent 120p.
Dimensions 23cm(Hb)
500 ## - GENERAL NOTE
General note Includes bibliographical references
942 ## - ADDED ENTRY ELEMENTS (KOHA)
Source of classification or shelving scheme Dewey Decimal Classification
Item type English Books
Classification part 305.42
Call number suffix GUP
Holdings
Withdrawn status Lost status Not for loan Collection code Home library Current library Date acquired Source of acquisition Cost, normal purchase price Full call number Barcode Copy number Cost, replacement price Koha item type
    Not For Loan Non-fiction D.B.Act.Division Bawana 11/08/2017 DBAD/PUB 450.00 305.42 GUP EN-103101 1 450.00 English Books

© Delhi Public Library
Hit Counter
free hit counter